Na úsvitě nové doby /

Main Author: Žák, Jaroslav, 1906-1960
Other Authors: Štolpa, Roman, 1964-, Táborský, Miroslav, 1959-
Language: Czech
Published: [Praha] : Tebenas, [2018]
Physical Description: 2 audiodisky (11 hod., 37 min.) ; 12 cm
Audio
Saved in:
LEADER 01646nim a2200493 i 4500
001 001654091
003 CZ BrMZK
005 20190124133150.0
007 sd fungnnmmned
008 181031t20182018xr ||nne f n cze
015 |a cnb003048787 
024 3 |a 8594177770252 
028 0 1 |a TBN025-2  |b Tebenas 
040 |a BOA001  |b cze  |e rda 
072 7 |a 821.162.3-3  |x Česká próza  |2 Konspekt  |9 25 
080 |a 821.162.3-31  |2 MRF 
080 |a (0:82-313.1)  |2 MRF 
080 |a (086.7)08  |2 MRF 
080 |a (086.76)  |2 MRF 
100 1 |a Žák, Jaroslav,  |d 1906-1960  |7 jk01152975  |4 aut 
245 1 0 |a Na úsvitě nové doby /  |c Jaroslav Žák 
264 1 |a [Praha] :  |b Tebenas,  |c [2018] 
264 4 |c ℗2018 
300 |a 2 audiodisky (11 hod., 37 min.) ;  |c 12 cm 
306 |a 113700 
336 |a mluvené slovo  |b spw  |2 rdacontent 
337 |a audio  |b s  |2 rdamedia 
338 |a audiodisk  |b sd  |2 rdacarrier 
344 |a digital  |b optical  |2 rda 
347 |a audio soubor  |b MP3  |2 rda 
500 |a Název z disku 
508 |a Režie Roman Štolpa 
511 0 |a Čte Miroslav Táborský 
518 |o Nahráno  |d květen 2018  |p studio Ateliér 
655 7 |a české romány  |7 fd133974  |2 czenas 
655 7 |a satirické romány  |7 fd133330  |2 czenas 
655 7 |a audioknihy  |7 fd119452  |2 czenas 
655 7 |a kompaktní disky  |7 fd201991  |2 czenas 
700 1 |a Štolpa, Roman,  |d 1964-  |7 jo2003163206  |4 drt 
700 1 |a Táborský, Miroslav,  |d 1959-  |7 ola2002142468  |4 nrt 
910 |a BOA001  |b CDR-1416.514 
990 |a AV 
991 |b 201901  |c NOV 
996 6 |b 2610759477  |c CDR-1416.514  |l MZK  |r Sklad / do 24 hodin  |n 0  |p p.v.  |w 001693031  |u 000010  |a 1  |e BOA001  |j MZK50  |s P